Синтез схем экстрактивной ректификации трехкомпонентных азеотропных смесей (Запись № 9925084)

Подробности
000 -МАРКЕР
контрольное поле 02297nam0a2200361 i 4500
001 - ИДЕНТИФИКАТОР ЗАПИСИ
контрольное поле RU\NLR\BIBL_A\010026060
005 - ИДЕНТИФИКАТОР ВЕРСИИ
контрольное поле 20240921214951.0
021 ## - НОМЕР ГОСУДАРСТВЕННОЙ РЕГИСТРАЦИИ
Код страны Российская Федерация
Номер 2013-96769
Номер Листа государственной регистраци 6712
035 ## - ДРУГИЕ СИСТЕМНЫЕ НОМЕРА
Идентификатор записи (NILC)RuMoRGB-006705391
035 ## - ДРУГИЕ СИСТЕМНЫЕ НОМЕРА
Идентификатор записи (NLR Aleph) 010026060
100 ## - ДАННЫЕ ОБЩЕЙ ОБРАБОТКИ
Данные общей обработки 20140129d2012 u y0rusy50 ca
101 0# - ЯЗЫК РЕСУРСА
Язык текста, звукозаписи и т.д. русский
102 ## - СТРАНА ПУБЛИКАЦИИ ИЛИ ПРОИЗВОДСТВА
Страна публикации Российская Федерация
105 ## - ПОЛЕ КОДИРОВАННЫХ ДАННЫХ: ТЕКСТОВЫЕ МАТЕРИАЛЫ, МОНОГРАФИЧЕСКИЕ
Кодированные данные о монографическом текстовом документе a|||j||||01yy
200 1# - ЗАГЛАВИЕ И СВЕДЕНИЯ ОБ ОТВЕТСТВЕННОСТИ
Основное заглавие Синтез схем экстрактивной ректификации трехкомпонентных азеотропных смесей
Сведения, относящиеся к заглавию учебное пособие
Первые сведения об ответственности Анохина Е.А., Тимошенко А.В., Скворцова М.И., Рудаков Д.Г
Последующие сведения об ответственности М-во образования и науки Рос. Федерации, Федер. гос. бюджет. образоват. учреждение высш. проф. образования "Моск. гос. ун-т тонких хим. технологий им. М. В. Ломоносова", Каф. химии и технологии основного орган. синтеза
210 ## - ПУБЛИКАЦИЯ, РАСПРОСТРАНЕНИЕ И ДР.
Место издания, распространения и т.д. Москва
Имя издателя, распространителя и т. д. МИТХТ
Дата издания, распространения и т.д. 2012
215 ## - ФИЗИЧЕСКАЯ ХАРАКТЕРИСТИКА
Специфическое обозначение материала и объем 59 с.
Другие сведения о физической характеристике ил.
Размеры 21
320 ## - ПРИМЕЧАНИЯ О НАЛИЧИИ В ДОКУМЕНТЕ БИБЛИОГРАФИИ / УКАЗАТЕЛЯ
Текст примечания Библиогр.: с. 57-59 (28 назв.)
606 ## - НАИМЕНОВАНИЕ ТЕМЫ КАК ПРЕДМЕТ
Наименование темы Ректификация экстрактивная
Формальный подзаголовок Учебные издания для высших учебных заведений
Системный номер авторитетной/нормативной записи 1502969
Идентификатор авторитетной/нормативной записи RU\NLR\AUTH\66953686
606 ## - НАИМЕНОВАНИЕ ТЕМЫ КАК ПРЕДМЕТ
Наименование темы Азеотропные смеси тройные
Формальный подзаголовок Учебные издания для высших учебных заведений
Тематический подзаголовок Разделение
Системный номер авторитетной/нормативной записи 2174154
Идентификатор авторитетной/нормативной записи RU\NLR\AUTH\6601543981
675 ## - УНИВЕРСАЛЬНАЯ ДЕСЯТИЧНАЯ КЛАССИФИКАЦИЯ (UDC/УДК)
Индекс 661.715.3.02(075.8)
686 1# - ИНДЕКСЫ ДРУГИХ КЛАССИФИКАЦИЙ
Индекс Л113.1я73-1
701 #1 - ИМЯ ЛИЦА - АЛЬТЕРНАТИВНАЯ ОТВЕТСТВЕННОСТЬ
Начальный элемент ввода Анохина
Часть имени, кроме начального элемента ввода Е. А.
Дополнения к именам, кроме дат канд. техн. наук
Расширение инициалов личного имени Елена Анатольевна
Системный номер авторитетной/нормативной записи 138512
Идентификатор авторитетной/нормативной записи RU\NLR\AUTH\770138547
701 #1 - ИМЯ ЛИЦА - АЛЬТЕРНАТИВНАЯ ОТВЕТСТВЕННОСТЬ
Начальный элемент ввода Тимошенко
Часть имени, кроме начального элемента ввода А. В.
Дополнения к именам, кроме дат д-р техн. наук
Расширение инициалов личного имени Андрей Всеволодович
Системный номер авторитетной/нормативной записи 138525
Идентификатор авторитетной/нормативной записи RU\NLR\AUTH\770138560
701 #1 - ИМЯ ЛИЦА - АЛЬТЕРНАТИВНАЯ ОТВЕТСТВЕННОСТЬ
Начальный элемент ввода Скворцова
Часть имени, кроме начального элемента ввода М. И.
Дополнения к именам, кроме дат д-р физ.-мат. наук
Расширение инициалов личного имени Мария Ивановна
Системный номер авторитетной/нормативной записи 129662
Идентификатор авторитетной/нормативной записи RU\NLR\AUTH\770129693
701 #1 - ИМЯ ЛИЦА - АЛЬТЕРНАТИВНАЯ ОТВЕТСТВЕННОСТЬ
Начальный элемент ввода Рудаков
Часть имени, кроме начального элемента ввода Д. Г.
Расширение инициалов личного имени Данила Григорьевич
801 #0 - ИСТОЧНИК ЗАПИСИ
Страна Российская Федерация
Организация RuMoRKP
Дата составления 20131202
Правила каталогизации RCR
801 #2 - ИСТОЧНИК ЗАПИСИ
Страна Российская Федерация
Организация РГБ
Дата составления 20131219
Правила каталогизации rcr
942 ## - ДОПОЛНИТЕЛЬНЫЕ ЭЛЕМЕНТЫ ЗАПИСИ (АБИС)
Тип экземпляра АБИС Книга
980 ## - КОЛЛЕКЦИЯ
Название коллекции НБР

Нет доступных экземпляров.